Представление документа в формате MARC21

Поле Инд. ПП Название Значение
Тип записи a
Библиографический уровень m
001 Контрольный номер RU/IS/BASE/479489643
005 Дата корректировки 20150513113656.7
040 a Служба первич. каталог. НБ ТвГУ
b Код языка каталог. rus
e Правила каталог. PSBO
041 0_ a Код языка текста rus
080 a Индекс УДК 517.9
084 a Индекс другой классификации/Индекс ББК В213.1
090 a Полочн. индекс В213.1
x Авторский знак Р 92
100 1_ a Автор Руш Н.
245 00 a Заглавие Прямой метод Ляпунова в теории устойчивости
c Ответственность пер. с англ. В. Н. Рубановского, В. С. Сергеева, С. Я. Степанова ; под ред. В. В. Румянцева
246 _5 a Другая форма заглавия Stability theory by Liapunov's direct method
260 a Место издания Москва
b Издательство Мир
c Дата издания 1980
300 a Объем 300 с.
b Иллюстрации/ тип воспроизводства ил.
504 a Библиография Библиогр.: с. 281-294
504 a Библиография Предм. указ.: с. 296-297
520 a Аннотация Монография посвящена исследованию устойчивости решений систем обыкновенных дифференциальных уравнений прямым методом Ляпунова в его современном состоянии. Много места отведено приложениям к различным механическим системам, нелинейным электрическим цепям, задачам математической экономики.
653 a Ключевые слова Дифференциальные уравнения
a Ключевые слова Математические основы динамики
a Ключевые слова Теория устойчивости движения
a Ключевые слова Устойчивость дифференциальных уравнений
a Ключевые слова Устойчивость по Ляпунову
700 1_ a Другие авторы Абетс П.
700 1_ a Другие авторы Лалуа М.
901 t Тип документа m
920 a Оператор Семен
a Оператор Суха
a Оператор Густ
a Оператор Стро
930 a Новая/Ретро новая
952 c Вид литературы К рн
954 a Дата поступления на обработку 20150319
c Дата окончания ОНО 20150319
b Дата поступления в ОК 20150312